000 00509nam a22001697a 4500
999 _c9060
_d9060
008 210322b ||||| |||| 00| 0 eng d
040 _aBMS College of Architecture
100 _aHoskere, A Prakruti
245 _aThe Indian puppet museum
300 _a23p.
500 _a1BM07AT031
502 _8B.Arch
_NBMS College of Architecture, Visvesvaraya Technological University
_aproject report
_d2012
650 _aMuseum
700 _aShobha M N
_eGuide
700 _aK R Madhu Chand
_eGuide
942 _2ddc
_cTHE